| 000 | 00762nam a22002417a 4500 | ||
|---|---|---|---|
| 003 | CBULib | ||
| 005 | 20240828100225.0 | ||
| 008 | 230706b |||||||| |||| 00| 0 eng d | ||
| 020 | _a9781118496718 | ||
| 040 |
_aCBULib _cCBULib _bEnglish _erda |
||
| 041 | _aeng | ||
| 050 | _aQA 303.2 Jon | ||
| 100 | 0 |
_aPatrickJMT _9797 _q(Patrick Jones) |
|
| 245 |
_a1,001 calculus practice problems for dummies _c/ by PatrickJMT |
||
| 260 |
_aNew Jersey : _bJohn Wiley & Sons, Inc., _c2014 |
||
| 300 | _aXii, 601 pages : illustrations | ||
| 336 |
_2rdacontent _aText | _btxt |
||
| 337 |
_2rdamedia _aUnmediated | _bn |
||
| 338 |
_2rdacarrier _aVolume _bnc |
||
| 490 | _aFor dummies | ||
| 650 | 0 |
_2Library of congress _aCALCULUS--PROBLEMS, EXERCISES _9798 |
|
| 942 |
_c002 _2lcc |
||
| 999 |
_c80770 _d80770 |
||